Twenty three hindi short stories / (Record no. 135592)

MARC details
000 -LEADER
fixed length control field 00618nam a22002177a 4500
005 - DATE AND TIME OF LATEST TRANSACTION
control field 20170124110247.0
010 ## - LIBRARY OF CONGRESS CONTROL NUMBER
LC control number A-896283
020 ## - INTERNATIONAL STANDARD BOOK NUMBER
Terms of availability 100.00
International Standard Book Number 8126001267
035 ## - SYSTEM CONTROL NUMBER
System control number A-896283
037 ## - SOURCE OF ACQUISITION
Source of stock number/acquisition Cen Lib/Ret
040 ## - CATALOGING SOURCE
Original cataloging agency DPL
Language of cataloging EN
082 ## - DEWEY DECIMAL CLASSIFICATION NUMBER
Classification number S
Item number TWE
110 ## - MAIN ENTRY--CORPORATE NAME
Corporate name or jurisdiction name as entry element New Delhi.Sahitya Akademi
9 (RLIN) 97769
245 ## - TITLE STATEMENT
Title Twenty three hindi short stories /
260 ## - PUBLICATION, DISTRIBUTION, ETC. (IMPRINT)
Name of publisher, distributor, etc Sahitya Akademi
Date of publication, distribution, etc 1998
Place of publication, distribution, etc New Delhi
270 ## - ADDRESS
Address Rabindra Bhavan, 35, Ferozshah Road
City New Delhi
Postal code 110001
300 ## - PHYSICAL DESCRIPTION
Extent 224p.
Dimensions 20cm(Hb)
650 ## - SUBJECT ADDED ENTRY--TOPICAL TERM
Topical term or geographic name as entry element Literature -- fiction
9 (RLIN) 97770
650 ## - SUBJECT ADDED ENTRY--TOPICAL TERM
Topical term or geographic name as entry element English stories
9 (RLIN) 26733
942 ## - ADDED ENTRY ELEMENTS (KOHA)
Source of classification or shelving scheme Dewey Decimal Classification
Koha item type English Books
Classification part S
Call number suffix TWE
Holdings
Withdrawn status Lost status Damaged status Not for loan Home library Current library Date acquired Source of acquisition Cost, normal purchase price Total Checkouts Full call number Barcode Date last seen Copy number Cost, replacement price Price effective from Koha item type Public note
Written off       Central Library Central Library 07/10/2015 Cen Lib/Ret 100.00   S TWE A-896283 07/10/2015 1 100.00 07/10/2015 English Books Written off on approval by DLB (By Circulation); dtd 15-06-2023

© Delhi Public Library
Hit Counter
free hit counter